[Event "Paris GCT rapid"]
[Site "Paris"]
[Date "2016.06.10"]
[Round "8"]
[White "Nakamura, Hikaru"]
[Black "Aronian, Levon"]
[Result "1-0"]
[WhiteElo "2787"]
[BlackElo "2792"]
[Annotator "Marin,M"]
[PlyCount "121"]
[EventDate "2016.06.09"]
[EventType "tourn (rapid)"]
[EventRounds "9"]
[EventCountry "FRA"]
[EventCategory "22"]
[SourceTitle "CBM 173"]
[Source "ChessBase"]
[SourceDate "2016.07.12"]
[SourceVersion "1"]
[SourceVersionDate "2016.07.12"]
[SourceQuality "1"]

1. d4 Nf6 2. c4 e6 3. Nf3 d5 4. Nc3 Nbd7 5. cxd5 exd5 6. Bf4 c6 7. e3 Nh5 ({
In my article published in CBM 154 I examined only} 7... Nb6 {and 6...Nb6.
Later I found out that the move played by Aronian is quite OK, too.}) 8. Bg5 {
White willingly transposes to the Bg5/...Nh5 exchange variation with a clear
tempo down. But since the position is static this is not so relevant given
that he likes playing this structure.} ({Leaving Black with the dark-squared
bishop makes the position double-edged strategically, for instance} 8. Bd3 Nxf4
9. exf4 {Gurevich,M (2610)-Parker,J (2515) England 1998 CBM 068 [Gurevich,M] 
(1-0, 44)}) ({or} 8. Be5 Nxe5 9. dxe5 (9. Nxe5 g6 10. Qf3 f6 11. Nd3 Bd6 12. g4
Ng7 13. h4 Qe7 $13 {Hoelzl,F (2415)-Byrne,R (2530) Vienna 1980 MCL [Dolmatov] 
(1/2-1/2, 44)}) 9... g6 10. Be2 Bg4 11. Qa4 Bd7 12. O-O Be7 13. Rfd1 O-O 14. e4
dxe4 15. Qxe4 Qc7 16. Rac1 Rad8 17. Qe3 Qb6 $11 {Aleksandrov,A (2591)-Smagin,S
(2605) Germany 2000}) 8... Be7 9. Bxe7 Qxe7 10. Qc2 Nb6 ({Usually Black plays .
..g7-g6 now or on the next move, preparing the knight transfer to g7-e6.} 10...
g6 11. O-O-O Nb6 12. h3 (12. Bd3 Bg4 {Huebner,R (2620)-Milov,V (2653) Essen
2000 CBM 077 [Milov,V] (1/2-1/2, 22)}) 12... Bf5 {Just another merit of ...
g7-g6.} 13. Qb3 Nf6 $5 14. Ne5 Nfd7 15. Nxd7 Qxd7 16. Qa3 Qe7 17. Qxe7+ Kxe7
18. g4 {The f5-bishop was irritating, of course, but the last move offers
Black a clear kingside plan.} Be6 19. Bd3 h5 20. f3 (20. g5 h4 21. f3 Rad8 22.
Kb1 Kf8 23. b3 Kg7 24. Kb2 Nc8 {[%cal Gc8d6]}) 20... Rh7 21. Ne2 $6 (21. g5 $1
{is an improved version of the previous line since the rook will have to
return to h8.}) 21... hxg4 22. hxg4 Rah8 $36 {Miroiu,G (2335)-Lupulescu,C 
(2626) Mamaia 2015 (0-1, 25)}) 11. O-O-O Nf6 $5 $146 {As we see, Aronian has
different plans for his knight and kingside structure.} (11... g6 $5 {would
transpose above.}) ({The tempting} 11... Bg4 {ensuring that he gets rid of the
potentially bad bishop is not a one-sided decision. Given he will castle long,
Black will miss an important defender of the b7- and d7-pawns.} 12. h3 ({
White's play was less consistent in:} 12. Re1 Bxf3 13. gxf3 g6 14. Bh3 Qh4 15.
Bg2 O-O-O 16. Kb1 {1/2-1/2 Chekhov,V (2480)-Graf,A (2445) Frunze 1988}) 12...
Bxf3 13. gxf3 g6 14. Kb1 O-O-O 15. h4 Kb8 16. Qb3 Nc8 $6 ({Unnecessarily
allowing White to activate his knight.} 16... Rhe8 $5) 17. Na4 Nd6 18. Nc5 {
[%csl Gb7]} Ng7 19. Rc1 h5 20. Rc3 Ne6 (20... Rhe8) (20... Ka8) 21. Qb4 (21.
Nxe6 Qxe6 22. Rxc6 Qf5+ 23. Bd3 Qxf3 24. Rf1 Ne4 25. Rc2 Rc8 $132) 21... Ka8
22. Ra3 Nc8 23. Bd3 Rhe8 24. Rb3 Nd6 25. Rc1 Rc8 26. Ra3 {By now it has become
clear that White has excellent attacking chances.} Rcd8 27. Qa4 Nc8 28. Nxb7 $1
Qxb7 {1-0 (34) Kosic,D (2486)-Stojanovic,M (2547) Palic 2014} 29. Rxc6 $40 {
[%cal Ga3b3,Gd3a6]}) 12. Bd3 ({Preventing ...Bg4 with} 12. h3 {allows} Ne4)
12... Be6 (12... Bg4 $5) 13. h3 O-O-O 14. Kb1 Kb8 15. Nd2 $5 {A slightly
unusual plan in the Karlsbad structure with long castling on both sides.} ({
The standard treatment of this position is} 15. Rc1 Ne8 16. Na4 {for instance}
Nxa4 17. Qxa4 Nd6 18. Rc3 Rhe8 19. Ra3 Nc8 20. Rc1 Qf6 {[%cal Ge6f5,Ye6h3]
Black can strengthen the queenside defence by lifting rooks on the seventh
rank while the threat ...Bxh3 ensures the exchange of bishops with ...Bf5 on
the next move.}) 15... Rc8 16. Nb3 Nfd7 17. Ne2 {Creating the potential threat
Nc5 while bringing the reserve knight closer to the d4-square in view of the
probable ...c6-c5.} (17. f3 {[%cal Ge3e4] can be typically answered in the
same way:} c5 18. dxc5 Nxc5 19. Nxc5 Rxc5 20. Qf2 {[%csl Rb8,Rg7][%cal Gf2g3]}
Ka8 21. g4 Rhc8 22. Nb5 Bd7 23. Nd4 Nc4 24. Bxc4 dxc4 {[%cal Gc4c3]} 25. Ne2 b5
$132) 17... c5 {Crossing White's intentions radically.} ({Actually there was
no need to hurry with this. Black could have tried obtaining a favourable
kingside structure.} 17... h5 18. h4 {From the static point of view the right
answer, but the hanging h4-pawn and the weakening of the g4-square offer Black
some help in specific lines.} (18. Rc1 h4 19. Rhe1 g5 20. Ng1 f6 21. Nf3 Rhe8
$132) (18. Nc5 Nxc5 19. dxc5 Nd7 20. b4 Ne5 21. Nd4 h4 $132) 18... c5 {The
fact is that if White will have problems fighting for the c-file with his
h4-pawn hanging.} 19. dxc5 Nxc5 20. Nxc5 Rxc5 21. Qd2 Rhc8 22. Nd4 Bg4 23. Rde1
(23. f3 Bd7 {[%csl Ge3,Gh4]}) 23... Nc4 24. Bxc4 dxc4 25. f3 (25. Qc3 Qe4+ 26.
Qc2 Bf5 $11) 25... c3 $5 {Not the only good move of course.} 26. bxc3 Bd7 27.
Rc1 Ba4 $44) 18. dxc5 Nxc5 19. Nxc5 Rxc5 20. Qd2 Rhc8 {In principle this
version of Isolani, with light-squared bishops and a firm white control of d4,
should favour White. But with the king on the queenside, somewhat exposed to
the threat ...Nc4 things are not one-sided.} 21. Nd4 Nc4 22. Bxc4 dxc4 {
The structure has changed but the d4-knight still occupies a dominating
position. On the other hand, White needs to remove it from the outpost in
order to activate his major pieces. On top, he has to block the c4-pawn. In
principle it is mainly White who can try playing for a win, but his chances of
achieving anything concrete are slim.} 23. Qc3 Bd7 24. f3 f5 25. Rhe1 Rd5 {
This allows White to open the centre with some slight initiative.} (25... Re5 {
was safer, when White should look for chances with} 26. g4 $5) 26. e4 fxe4 27.
fxe4 Re5 28. Nf5 Bxf5 29. exf5 Rxe1 $6 {Another slight concession, helping
White develop his initiative.} ({True, keeping the tension with} 29... Re8 $2 {
loses a pawn:} 30. Rxe5 Qxe5 31. Rd8+ Kc7 32. Rxe8 Qxe8 33. Qxc4+ $16) ({But} 
29... Re4 $5 30. g4 Rd8 {(!!) allows Black to keep his centralised position
for instance} 31. Rxd8+ Qxd8 32. Rxe4 Qd1+ 33. Qc1 Qd3+ 34. Qc2 Qf1+ {with a
draw.}) 30. Rxe1 Qd7 {The structure is almost perfectly symmetrical, with the
important difference that White can advance his majority without weakening his
king.} 31. g4 $14 a6 32. a3 Ka8 33. Ka2 h5 34. Re6 hxg4 35. hxg4 Qd1 36. Re4
Qd7 37. Qd4 $5 {Facing Black with an interesting psychological dilemma.} Qc7 ({
The endgame arising after} 37... Qxd4 38. Rxd4 {seems to be less dagerous than
it looks at first sight.} Rc7 (38... c3 39. bxc3 Rxc3 40. Rd7 $18) 39. Rd6 Ka7
40. Kb1 b5 41. Kc2 a5 42. Kc3 Kb7 $14 {White has space advantage and a
threatening kingside majority, but cannot activate his king without losing his
control over the black majority.} 43. Rg6 (43. g5 Rc5 $11) (43. Rd5 Kc6 $11)
43... Ka7 44. g5 Kb7 {Black should simply wait} 45. f6 gxf6 46. gxf6 {Things
look dangerous for Black in view of the threat Rg7 but} Rc5 $1 {[%cal Gc5f5]
should hold without problems.}) 38. Qe3 Qd6 39. Qd4 Qc7 40. Re6 {White seems
to have increased his domination, but in fact Black's forrtress is quite solid.
} Rd8 $2 {A careless move and the more or less decisive mistake.} ({Black
should just mark time with} 40... Qg3 {[%csl Gb3]} 41. Re3 Qc7 $14) 41. Qe4 $16
{[%cal Ge6a6,Ge6e7,Re4a8]} Rc8 (41... Ka7 42. Re7 Rd7 (42... Qb6 43. Qxc4 $16)
(42... Qc8 43. Rxg7 $18) 43. Rxd7 Qxd7 44. Qxc4 $16 {with good winning chances.
}) 42. Rxa6+ Kb8 43. Re6 c3 {This is not dangerous for White since he can
exchange queens immediately.} 44. bxc3 Qxc3 45. Qe5+ Qxe5 46. Rxe5 Rc4 47. g5 {
Unlike in the endgame examined above, White can activate his king since there
is no majority to keep under control anymore.} Ka7 (47... Rf4 48. g6 Ka7 49.
Kb3 (49. Re7 $2 Rxf5 50. Rxg7 Rg5 {is drawn.}) 49... Ka6 50. Kc3 {and White
should win.}) 48. Kb3 Rc1 49. g6 Ka6 (49... Rf1 50. Kc4 $18) 50. Re7 Rc5 51.
Rxg7 Rxf5 52. Rf7 Rg5 53. g7 {With the pawn on the seventh rank defended from
the side the game is over.} b5 54. Kc3 Rg4 55. Kd3 Ka5 56. Ke3 Rg1 57. Ke4 Ka4
58. Ra7+ Kb3 59. Kf5 Rxg7 {This desperate counterplay is too slow of course.}
60. Rxg7 Kxa3 61. Ke4 1-0

[Event "Paris GCT blitz"]
[Site "Paris"]
[Date "2016.06.12"]
[Round "11"]
[White "Vachier Lagrave, Maxime"]
[Black "Nakamura, Hikaru"]
[Result "1-0"]
[WhiteElo "2789"]
[BlackElo "2787"]
[Annotator "Besenthal,K"]
[PlyCount "107"]
[EventDate "2016.06.11"]
[EventType "tourn (blitz)"]
[EventRounds "18"]
[EventCountry "FRA"]
[EventCategory "22"]
[SourceTitle "CBM 173"]
[Source "ChessBase"]
[SourceDate "2016.07.12"]
[SourceVersion "1"]
[SourceVersionDate "2016.07.12"]
[SourceQuality "1"]

1. Nf3 Nf6 2. g3 d5 3. Bg2 e6 4. O-O Be7 5. d4 O-O 6. c4 dxc4 7. Qc2 a6 8. a4
Bd7 9. Qxc4 Bc6 10. Bg5 Bd5 11. Qd3 c5 12. Nc3 Bc6 13. Rfd1 cxd4 14. Nxd4 Bxg2
15. Kxg2 Nbd7 16. Rac1 Qa5 17. Bxf6 Nxf6 18. Qf3 Qb4 19. Rc2 Rac8 20. Rcd2 h6
21. h3 Rc7 22. e3 Rfc8 23. Qe2 Qb6 24. Nf3 Rc5 25. e4 e5 26. Nd5 Nxd5 27. exd5
{Diagramm [#]} Bd6 (27... f6 $1 28. d6 Bf8 29. d7 Rd8 $11 {Die Frage, ob der
Bd7 letztlich eine Stärke oder eine Schwäche sein würde, hätte sich
weiteren Verlauf der Partie erst noch entscheiden müssen.}) 28. Nxe5 R5c7 29.
Ng4 Qb3 30. Ne3 Qxa4 31. Nf5 Qd7 32. Qg4 g6 33. Nxh6+ Kg7 34. Qh4 Be7 35. Qd4+
{Diagramm [#]} Bf6 $2 {Ein Fehler, von dem sich Schwarz nie wieder richtig
erholen sollte.} 36. Qe3 Re8 37. Qf4 g5 38. Qf3 Kg6 39. Ng4 {Jetzt ist der
weiße Vorteil offensichtlich: Der Anziehende hat einen gesunden Mehrbauern
und die luftige schwarze Königsstellung gibt es als Bonus noch dazu.} Bg7 40.
d6 Rc5 41. Rd5 Rxd5 42. Rxd5 f5 43. Ne3 Re5 44. g4 f4 45. Nc4 Rxd5 46. Qxd5
Bxb2 47. Nxb2 Kf6 48. Nc4 b5 49. Qe5+ Kf7 50. Nb6 Qc6+ 51. Nd5 Qb7 52. Qf5+ Ke8
53. Qe6+ Kd8 54. h4 1-0

[Event "Leuven GCT rapid"]
[Site "Leuven"]
[Date "2016.06.17"]
[Round "3"]
[White "Nakamura, Hikaru"]
[Black "Giri, Anish"]
[Result "0-1"]
[WhiteElo "2787"]
[BlackElo "2782"]
[Annotator "Besenthal,K"]
[PlyCount "68"]
[EventDate "2016.06.17"]
[EventType "tourn (rapid)"]
[EventRounds "9"]
[EventCountry "BEL"]
[EventCategory "22"]
[SourceTitle "CBM 173"]
[Source "ChessBase"]
[SourceDate "2016.07.12"]
[SourceVersion "1"]
[SourceVersionDate "2016.07.12"]
[SourceQuality "1"]

1. Nf3 d5 2. e3 Nf6 3. d4 c5 4. c4 cxd4 5. exd4 g6 6. cxd5 Nxd5 7. Nc3 Bg7 8.
Qb3 Nxc3 9. bxc3 O-O {Diagramm [#]} 10. h4 $6 {Das geht nach hinten los.} (10.
Be2 Qc7 11. O-O {war adäquat.}) 10... Nc6 11. Ba3 $2 (11. Be2 $1) 11... Be6
12. Qxb7 $6 (12. Qb2 $1) 12... Bd5 $6 (12... Qa5 $1 $17) 13. Qa6 Qc7 14. Bc5 $2
(14. Rc1 $1) 14... e5 ({Das überraschende} 14... Nb8 {war stark. Nach} 15. Qa3
Nd7 {hätte Weiß richtig schlecht gestanden.}) 15. Bc4 Bxf3 16. gxf3 exd4 17.
Bxf8 (17. O-O Rfd8 $19) 17... Rxf8 18. Kf1 (18. cxd4 Nb4) 18... dxc3 {Diagramm
[#] Schwarz hat Gewinnstellung erlangt, und ein Giri lässt sich das auch
nicht mehr nehmen.} 19. Re1 Ne5 20. Bd5 c2 21. Kg2 Bh6 22. Qe2 c1=Q 23. Rxc1
Bxc1 24. Rxc1 Qxc1 25. Qxe5 Qc8 26. Bb3 Qf5 27. Qc7 a5 28. Qe7 Kg7 29. a4 Rc8
30. Qb7 Rc5 31. Qa7 Re5 32. Qd4 Qf6 33. Qg4 Rf5 34. Kg3 Qd6+ 0-1

[Event "Leuven GCT rapid"]
[Site "Leuven"]
[Date "2016.06.18"]
[Round "8"]
[White "Aronian, Levon"]
[Black "Nakamura, Hikaru"]
[Result "1-0"]
[WhiteElo "2792"]
[BlackElo "2787"]
[Annotator "Iotov,V"]
[PlyCount "73"]
[EventDate "2016.06.17"]
[EventType "tourn (rapid)"]
[EventRounds "9"]
[EventCountry "BEL"]
[EventCategory "22"]
[SourceTitle "CBM 173"]
[Source "ChessBase"]
[SourceDate "2016.07.12"]
[SourceVersion "1"]
[SourceVersionDate "2016.07.12"]
[SourceQuality "1"]

1. d4 Nf6 2. c4 e6 3. Nc3 Bb4 4. Nf3 O-O (4... d5 $5 {[%csl Ge8] An alternate
move order that has its benefits compared to what happens in the game. This
move allows the additional 5.Qa4 variation, but forbids ideas such as 9.Rc1...}
5. Bg5 (5. Qa4+) 5... Nbd7 6. e3 c5 7. cxd5 exd5 8. dxc5 Qa5 $1 $11) 5. Bg5 d5
6. cxd5 exd5 7. e3 c5 8. dxc5 Nbd7 (8... Bxc3+ $5 9. bxc3 Be6 $132) 9. Rc1 (9.
Be2 Qa5 10. O-O Bxc3 11. bxc3 Ne4 $1 12. Qd4 Ndxc5 $11) 9... Qa5 $6 {This
variation was quite popular about 8-10 years ago. Back then it was considered
to be bad, and unfortunately for Black, time has not changed the outcome of
the positon!} (9... Nxc5 10. Qd4 Bxc3+ (10... a5 11. Bxf6 Qxf6 12. Qxf6 gxf6
13. Be2 Na4 14. O-O Bxc3 15. bxc3 Be6 16. Bb5 (16. Nd4 Rfc8 17. c4 dxc4 18.
Nxe6 fxe6 19. Bxc4 Kf7 20. f4 Ke7 $15 {1/2-1/2 Tregubov,P (2598)-Jobava,B 
(2707)/Warsaw POL 2010}) 16... Nc5 17. Nd4 $16) 11. Qxc3 Nce4 12. Bxf6 Nxf6 13.
Be2 Bg4 14. O-O Qb6 15. h3 (15. Rfd1) 15... Rac8 16. Qa3 Bh5 17. Rfd1 a6 18.
Nd4 Bxe2 19. Nxe2 $14 {0-1 Meier,G (2556)-Laznicka,V (2601)/Liverpool ENG 2008}
) 10. a3 (10. Nd2 $5 {An alternative, less aggressive option.} Qxc5 (10... b6
11. c6 d4 12. cxd7 dxc3 13. bxc3 Bxc3 14. Bxf6 gxf6 15. dxc8=Q Raxc8 16. Bc4
Rfd8 17. O-O Bxd2 18. Rc2 Bxe3 19. Qf3 Bd4 20. Bxf7+ Kh8 21. Rxc8 Rxc8 22. Qh3
$16) (10... Ne4 11. Ndxe4 dxe4 12. a3 Qxc5 13. axb4 Qxg5 14. Nxe4 Qe7 15. Qd4
Nb6 16. Nc3 $16) 11. Nb3 Qb6 12. Be2 $14) 10... Bxc3+ 11. Rxc3 Ne4 12. b4 Nxc3
13. Qa1 Qa4 14. Qxc3 a5 (14... Re8 15. Nd4 a5 16. b5 Ne5 17. Bf4 Nc4 18. Bxc4
dxc4 19. O-O $14 {White's control over the centre and better piece placement
are more than enough to compensate for the material deficit.}) 15. b5 Nxc5 $2 {
I don't fully understand the logic behind this sacrifice. Ultimately, no
matter what happens, White will always have two pieces for the rook and the
very strong central d4-square under control. Black's position seems to be
logically flawed and to offer little counterplay from a human point of view.} (
15... Re8 $5) 16. Qxc5 Bf5 $2 (16... Bd7 $1 {The last chance to make amends!}
17. Be2 Rfc8 18. Qxd5 Rc1+ 19. Bd1 Qxb5 20. Qxb5 Bxb5 21. Nd4 Ba4 22. Ke2 Ra1
23. Rf1 Rxa3 24. Bxa4 Rxa4 25. Rb1 $14 {With still very much almost a losing
position from a human point of view. From now on, every innacuracy could cause
the position to immediately crumble. Furthermore, the saddest part is that no
matter how many mistakes White may end up making, the position remains almost
impossible to lose.}) 17. Qc3 Rfc8 18. Qa1 $18 Qc2 (18... Rc5 19. Be2 Qc2 20.
Nd4 Qc1+ 21. Qxc1 Rxc1+ 22. Bd1 Bg6 23. O-O $18) 19. Nd4 Qc1+ 20. Qxc1 Rxc1+
21. Kd2 Rac8 22. Nxf5 R8c2+ 23. Kd3 Rxf2 24. Ne7+ (24. Ng3 $142 {[%csl Gf1]
There is no need for White to sacrifice the piece.}) 24... Kh8 (24... Kf8 25.
Nxd5 Rfxf1 26. Rxf1 Rxf1 27. Bf4 $16) 25. g3 $6 (25. e4 $1 dxe4+ 26. Kxe4 Rcxf1
27. Rxf1 Rxf1 28. Be3 $18 {[%csl Gb5,Rb7] with an easily winning endgame!})
25... Ra1 (25... Rfxf1 26. Rxf1 Rxf1 27. Kc2 $1 $18 {[%csl Yb1,Gb5][%cal Gf1b1]
}) 26. Kd4 Rc1 27. Bg2 Rd2+ 28. Ke5 f6+ 29. Kd6 Rc3 30. Rf1 h6 31. Rxf6 hxg5
32. Rf8+ Kh7 33. Bh3 g4 34. Bxg4 Rxe3 35. Bf5+ g6 36. Bxg6+ Kg7 37. Rg8+ {
Overall, Nakamura lost this game purely because of his outdated opening choice.
A rapid game mentality he will surely not repeat again!} 1-0

[Event "Leuven GCT blitz"]
[Site "Leuven"]
[Date "2016.06.19"]
[Round "1"]
[White "Vachier Lagrave, Maxime"]
[Black "Nakamura, Hikaru"]
[Result "0-1"]
[WhiteElo "2789"]
[BlackElo "2787"]
[Annotator "Besenthal,K"]
[PlyCount "68"]
[EventDate "2016.06.19"]
[EventType "tourn (blitz)"]
[EventRounds "18"]
[EventCountry "BEL"]
[EventCategory "22"]
[SourceTitle "CBM 173"]
[Source "ChessBase"]
[SourceDate "2016.07.12"]
[SourceVersion "1"]
[SourceVersionDate "2016.07.12"]
[SourceQuality "1"]

1. e4 e5 2. Nf3 Nc6 3. Bb5 Nf6 4. d3 Bc5 5. c3 O-O 6. O-O Re8 7. Nbd2 a6 8.
Bxc6 dxc6 9. Nc4 Bg4 10. h3 Bh5 11. Bg5 b5 12. Na5 Qd7 13. Bxf6 gxf6 14. g4 Bg6
15. Qe2 Bb6 16. Nb3 Rad8 17. Rad1 Re6 18. Rd2 Rd6 19. Rfd1 c5 20. Kg2 a5 21.
Na1 h5 22. Kg3 Qc6 23. Nh4 c4 24. Nxg6 fxg6 {Diagramm [#]} 25. Nc2 $6 (25. dxc4
$1 $11) 25... hxg4 $6 (25... cxd3 $1 26. Rxd3 Qc4) 26. hxg4 $2 (26. dxc4 $1)
26... cxd3 $1 27. Rxd3 Qc4 $1 28. Ne1 f5 29. gxf5 gxf5 {Diagramm [#]} 30. exf5
$2 (30. Kh2 {war besser, auch wenn Schwarz nach} Rh6+ {deutlichen Vorteil
behalten hätte.}) 30... R8d7 $1 {Jetzt fallen sämtliche schwarzen
Schwerfiguren über den weißen König her.} 31. f6 Rxf6 32. Qh5 Rg7+ 33. Kh3
Qe6+ 34. Kh2 Rh6 0-1

[Event "chess.com sf blitz 1m+1spm"]
[Site "Chess.com INT"]
[Date "2016.08.24"]
[Round "25"]
[White "Vachier Lagrave, Maxime"]
[Black "Nakamura, Hikaru"]
[Result "1-0"]
[WhiteElo "2819"]
[BlackElo "2791"]
[PlyCount "87"]
[EventDate "2016.08.23"]
[EventType "match (blitz)"]
[EventRounds "32"]
[EventCountry "USA"]
[SourceTitle "CBM 174 Extra"]
[Source "ChessBase"]
[SourceDate "2016.10.10"]
[SourceVersion "1"]
[SourceVersionDate "2016.10.10"]
[SourceQuality "1"]

1. d4 Nf6 2. c4 e6 3. Nc3 Bb4 4. e3 O-O 5. Nge2 c6 6. g3 d5 7. a3 Bd6 8. b3 e5
9. Bg2 e4 10. Qc2 Re8 11. h3 a6 12. Bd2 b5 13. c5 Bf8 14. a4 b4 15. Nd1 a5 16.
f4 exf3 17. Bxf3 Ne4 18. Bxe4 Rxe4 19. Nf2 Bf5 20. O-O-O Rf4 21. Nxf4 Bxc2 22.
Kxc2 Nd7 23. g4 Qe8 24. Rde1 Nf6 25. Rhf1 Ne4 26. Nxe4 Qxe4+ 27. Nd3 g6 28. Rf4
Qe6 29. e4 Bg7 30. e5 Rf8 31. Rff1 Qd7 32. Bg5 Re8 33. Bf6 Bxf6 34. Rxf6 Re6
35. Ref1 Qb7 36. Rxe6 fxe6 37. Rf6 Qc8 38. g5 h5 39. Rxg6+ Kf7 40. Rf6+ Kg8 41.
h4 Kh7 42. Kd2 Kg8 43. Nf4 Qa6 44. Nxe6 1-0

[Event "Wch Rapid"]
[Site "Doha"]
[Date "2016.12.28"]
[Round "13"]
[White "Nakamura, Hikaru"]
[Black "Vachier Lagrave, Maxime"]
[Result "0-1"]
[WhiteElo "2779"]
[BlackElo "2804"]
[PlyCount "134"]
[EventDate "2016.12.26"]
[EventType "swiss (rapid)"]
[EventRounds "15"]
[EventCountry "QAT"]
[SourceTitle "CBM 176"]
[Source "ChessBase"]
[SourceDate "2017.01.17"]
[SourceVersion "1"]
[SourceVersionDate "2017.01.17"]
[SourceQuality "1"]

1. e4 c5 2. Nf3 d6 3. Bb5+ Nd7 4. c3 Ngf6 5. d3 g6 6. O-O Bg7 7. Re1 a6 8. Ba4
O-O 9. Bc2 e5 10. a4 b6 11. d4 exd4 12. cxd4 cxd4 13. Nxd4 Bb7 14. Nc3 Re8 15.
Bg5 Rc8 16. Bd3 h6 17. Bh4 Nc5 18. f3 Qd7 19. Bf1 d5 20. e5 Nh5 21. g4 Nf4 22.
Bg3 Rxe5 23. Rxe5 Bxe5 24. Qd2 Ncd3 25. Nce2 Nxe2+ 26. Nxe2 Bxg3 27. hxg3 Ne5
28. Nd4 Qd6 29. Kg2 Nc6 30. Re1 Qf6 31. Nxc6 Rxc6 32. Re8+ Kg7 33. Qb4 Rc5 34.
a5 d4 35. Be2 d3 36. Bd1 Qd6 37. Qxb6 Qxb6 38. axb6 Rc1 39. Re7 Rxd1 40. Rxb7
Rd2+ 41. Kf1 Rxb2 42. Ke1 Kf6 43. Rb8 a5 44. b7 a4 45. Kd1 d2 46. Ra8 Rxb7 47.
Rxa4 Rd7 48. Ra6+ Kg7 49. Ra3 g5 50. Rb3 Rd4 51. Ra3 Kg6 52. Ra6+ f6 53. Ra3 h5
54. gxh5+ Kxh5 55. Ra1 f5 56. Ke2 f4 57. Rh1+ Kg6 58. g4 Kf6 59. Ra1 Ke5 60.
Kd1 Rd3 61. Ra5+ Kd4 62. Rxg5 Ke3 63. Rh5 Kxf3 64. Rh3+ Ke4 65. Rh2 f3 66. g5
Ke3 67. Rh1 Rc3 0-1